Elder Scrolls lore quiz #2 - Statistics

General Stats
  • This quiz has been taken 395 times
    393 since last reset
  • The average score is 21 of 35
Answer Stats
Hint Answer % Correct
The dragon god Akatosh
96%
Snow Elves were turned into these by the Dwemer Falmer
90%
Leader of a rebellion in Skyrim Ulfric Stormcloak
89%
Province where Khajits come from Elsweyr
85%
God of Orcs Malacath
85%
Amulet that can only be worn by the Emperor Amulet of kings
82%
Name for the Altmer which other races take to mean snobbish High Elf
82%
Race that the Dunmer were before they were cursed Chimer
79%
Highest institute for mages in Skyrim College of Winterhold
78%
Mysterious religious tree beings in Black Marsh The Hist
78%
Orc capital city and only Orcish territory Orsinium
77%
Continent known as "Dragon land" Akavir
75%
Who cursed them? Azura
74%
Female Tribunal member Almalexia
73%
City built by Ysgramor Windhelm
73%
Westernmost city in Cyrodiil Anvil
72%
Province where sword-singers come from Hammerfell
64%
Capital of Morrowind before the Argonians invaded Mournhold
62%
Southernmost city in Cyrodiil Leyawiin
61%
Dunmer man that hunted the cliffracers to extinction Jiub
59%
Rulers of the soul cairn Ideal masters
58%
Spire that trained Imperial battle-mages until it was invaded by Mehrunes Dagon The Battlespire
58%
Capital of Vvardenfell Vivec city
57%
Province where above resides Valenwood
46%
District of the Imperial city that includes the name of a race Elven Gardens
35%
City in the summerset isles that men are not allowed to enter Alinor
33%
Highest institute for mages in Cyrodiil Arcane University
33%
Last person from Tamriel to make contact with Akavir The Nerevarine
33%
Plague brought on upon the Sload Thrassian Plague
33%
Race of 'snow demons' that hibernate once per year and wage war in the remaining time Kamal
30%
Race of Altmer-adoring apes Imga
28%
Organisation that inhabits the asteroid above Vivec City Ministry of Truth
27%
Flying landmass that made its way across Eastern Tamriel Umbriel
27%
Navy that defeated the Sload All flags navy
19%
Name of the last Ayleid king King Dynar
6%
No matching quizzes found
Score Distribution
Percent of People with Each Score
Percentile by Number Answered
Your Score History
You have not taken this quiz since the last reset